01235nas a22002297a 450000500170000000700120001700800410002902200140007004000090008408200160009324500780010926000370018730000160022431000140024036500160025450005760027065000480084665000520089465100100094665500140095685600350097020200514135027.0cz aa aaaaa200428c q||poo|||| 00| 0 eng d a2664-8644 coclc a500bJOU/PM aInternational Journal of Physics and Mathematicshe-Journal (Open Access) bPrime PublicationsaDelhi, India aPDF(online) aQuarterly eOpen Access aInternational Journal of Physics and Mathematics is an open access, peer reviewed and refereed international journal. This journal publishes research papers in the fields of Physics and Mathematics such as General Physics, Nonlinear Science, Statistical Physics, Transport Theory, Atomic, Molecular and Cluster Physics, Plasma and Fluid Physics, Condensed Matter, Nanoscience, Astronomy and astrophysics, Chemistry, Earth and atmospheric sciences, Physics, Biophysics and biochemistry, Robotics and Automation, Materials science, Mathematics, Mechanics, Statistics, etc. 0aNatural sciences & mathematicsvPhysics 0aNatural sciences & mathematicsvMathematics 0aIndia 0ae-Journal uhttp://www.physicsjournal.net/